| 000 | 00386nam a22001697a 4500 | ||
|---|---|---|---|
| 003 | SGT | ||
| 020 | _a9788195175574 | ||
| 082 |
_a613.2 _bN22S |
||
| 100 | _aSRILAKSHMI,B. | ||
| 245 | _aNUTRITION SCIENCE | ||
| 250 | _a7TH | ||
| 260 |
_aNEW DELHI _bNEW AGE INTERNATIONAL. PUB. _c2022 |
||
| 300 | _a506 | ||
| 650 | _aNUTRITION SCIENCE | ||
| 653 | _aSCIENCE NUTRITION | ||
| 942 |
_2ddc _cBK |
||
| 999 |
_c22875 _d22875 |
||